|
|
|
|
| LEADER |
00000nam0a2200000 4500 |
| 001 |
143833 |
| 005 |
20231101221044.0 |
| 010 |
|
|
|a 5239012334
|
| 020 |
|
|
|a RU
|b 91-11185
|
| 035 |
|
|
|a (RuTPU)RU\TPU\book\155874
|
| 090 |
|
|
|a 143833
|
| 100 |
|
|
|a 20080924d1991 m y0rusy5003 ca
|
| 101 |
0 |
|
|a rus
|
| 102 |
|
|
|a RU
|
| 105 |
|
|
|a c z 000ay
|
| 200 |
1 |
|
|a Голос из ничто
|e [Рассказы]
|f Ю. В. Мамлеев
|
| 210 |
|
|
|a Москва
|c Московский рабочий
|d 1991
|
| 215 |
|
|
|a 143 с.
|c портр.
|
| 333 |
|
|
|a Исключено из фонда НТБ ТПУ
|
| 700 |
|
1 |
|a Мамлеев
|b Ю. В.
|c русский писатель
|c с 1974 в эмиграции (США, Франция)
|f 1931-
|g Юрий Витальевич
|9 5898
|
| 801 |
|
0 |
|a RU
|b RuMRKP
|c 19950417
|g psbo
|
| 801 |
|
1 |
|a RU
|b 63413507
|c 20080924
|g PSBO
|
| 801 |
|
2 |
|a RU
|b 63413507
|c 20220614
|g PSBO
|
| 942 |
|
|
|c BK
|